000 00587nmm a2200253 a 4500
003 AR-BaBNM
005 20251128202822.0
008 127119s1982 ||||||||||||||000 | spa||
040 _cAR-BaBNM
100 0 _aSilazul
245 1 0 _aPensamientos
260 _aBuenos Aires
_bSilandia
_c1982
300 0 _ap. om.
650 4 _aLITERATURA ARGENTINA
650 4 _aMAXIMAS
650 4 _aAFORISMOS
650 4 _aFILOSOFIA LITERARIA
650 4 _aLITERATURA CONTEMPORANEA
650 4 _aETICA
650 4 _aVALORES MORALES
655 _aLITERATURA
942 _cBK
998 _cMARTIN
999 _c726
_d726